| 000 | 01595nam0a2200385 i 4500 | ||
|---|---|---|---|
| 001 | RU\NLR\bibl\2061078 | ||
| 005 | 20240921135336.0 | ||
| 010 |
_a9785970426708 _93000 |
||
| 021 |
_aRU _b2013-53942 _93735 |
||
| 035 | _a(nilc)RuMoRGB-006605829 | ||
| 035 | _a(NLR Aleph) 002047816 | ||
| 090 |
_a4627096 _c4627096 |
||
| 100 | _a20100628d2012 k y0rusy50 ca | ||
| 101 | 1 |
_arus _ceng |
|
| 102 | _aRU | ||
| 105 | _aa z ||||| | ||
| 200 | 1 |
_aОстрый инсульт _fКен Ючино, Дженифер Пари, Джеймс Гротта _gпер. с англ. К.В. Шеховцовой |
|
| 205 | _a2-е изд. | ||
| 210 |
_aМосква _cГЭОТАР-Медиа _d2012 |
||
| 215 |
_a255 с. _cил. _d18 |
||
| 300 | _aЗагл. и авт. ориг.: Acute stroke care / Ken Uchino, Jennifer K. Pary, James C. Grotta | ||
| 320 | _aБиблиогр.: с. 233-251 (158 назв.) | ||
| 320 | _aПредм. указ.: с. 252-255 | ||
| 454 | 0 |
_12001#$aAcute stroke care$fKen Uchino, Jennifer K. Pary, James C. Grotta _1700#1$aUchino$bK.$gKen$4070 _1701#1$aPary$bJ. K.$gJennifer K.$4070 _1701#1$aGrotta$bJ. C.$gJames C.$4070 _tAcute stroke care _aUchino, Ken |
|
| 606 | 1 |
_aИнсульт _9941061 _3RU\NLR\auth\6629553 |
|
| 686 | _aР627.703.1 | ||
| 700 | 1 |
_aЮчино _bК. _gКен _4070 |
|
| 701 | 1 |
_aПари _bД. _gДженифер _4070 |
|
| 701 | 1 |
_aГротта _bД. _gДжеймс _4070 |
|
| 801 | 0 |
_aRU _bRuMoRKP _c20100628 _gRCR |
|
| 801 | 2 |
_aRU _bРГБ _c20130715 _grcr |
|
| 801 | 1 |
_aRU _bRuMoRKP _c20100628 _2rusmarc |
|
| 801 | 2 |
_aRU _bNLR _c20130808 _grcr |
|
| 942 | _cBOOK | ||
| 980 | _aNBR | ||